Countries by mountain range - Statistics

General Stats
  • This quiz has been taken 22 times
  • The average score is 10 of 12
Answer Stats
Mountain range countries % Correct
Himalaya Nepal | Bhutan | India | China | Pakistan | Myanmar
100%
Pyrenees Spain | France | Andorra
100%
Alps Switzerland | Austria | Liechtenstein | Germany | Italy | France | Slovenia
100%
Caucasus Russia | Georgia | Armenia | Azerbaijan | Turkey | Iran
94%
Rockys United States | Canada
94%
Andes Argentina | Chile | Bolivia | Peru | Ecuador | Colombia | Venezuela
89%
Tian Shan Tajikistan | Kyrgyzstan | Uzbekistan | Kazakhstan | China
89%
Carpathians Ukraine | Romania | Serbia | Hungary | Poland | Slovakia | Czech Republic
89%
Atlas Morocco | Algeria | Tunisia
83%
Karakoram Pakistan | Afghanistan | India | China | Tajikistan
83%
Altai Russia | Mongolia | China | Kazakhstan
72%
Rwenzuri Uganda | Rwanda | D.R. Congo
50%
No matching quizzes found
Score Distribution
Percent of People with Each Score
Percentile by Number Answered
Your Score History
You have not taken this quiz